<?xml version="1.0" encoding="UTF-8"?>
<record
    xmlns:xsi="http://www.w3.org/2001/XMLSchema-instance"
    xsi:schemaLocation="http://www.loc.gov/MARC21/slim http://www.loc.gov/standards/marcxml/schema/MARC21slim.xsd"
    xmlns="http://www.loc.gov/MARC21/slim">

  <leader>00725nam a22002057a 4500</leader>
  <controlfield tag="005">20100802145211.0</controlfield>
  <datafield tag="010" ind1=" " ind2=" ">
    <subfield code="a">ENG-97646</subfield>
  </datafield>
  <datafield tag="020" ind1=" " ind2=" ">
    <subfield code="a">9789380487014</subfield>
    <subfield code="c">150.00</subfield>
  </datafield>
  <datafield tag="020" ind1=" " ind2=" ">
    <subfield code="a">93804877010</subfield>
    <subfield code="c">150.00</subfield>
  </datafield>
  <datafield tag="035" ind1=" " ind2=" ">
    <subfield code="a">EN-81179</subfield>
  </datafield>
  <datafield tag="037" ind1=" " ind2=" ">
    <subfield code="b">DBAD/PUB</subfield>
  </datafield>
  <datafield tag="082" ind1=" " ind2=" ">
    <subfield code="a">346.41066</subfield>
  </datafield>
  <datafield tag="100" ind1=" " ind2=" ">
    <subfield code="a">Manimurugan, R.</subfield>
    <subfield code="9">4346</subfield>
  </datafield>
  <datafield tag="245" ind1=" " ind2=" ">
    <subfield code="a">Company Law /</subfield>
    <subfield code="c"> R. Manimurugan</subfield>
  </datafield>
  <datafield tag="260" ind1=" " ind2=" ">
    <subfield code="a">Salem</subfield>
    <subfield code="b">M.S.K Publications</subfield>
    <subfield code="c">2009</subfield>
  </datafield>
  <datafield tag="270" ind1=" " ind2=" ">
    <subfield code="a">3/189-E, Athanoor Amman Kovil St..,Masinayaganpatti -Post</subfield>
    <subfield code="b">Salem</subfield>
    <subfield code="e">636103</subfield>
  </datafield>
  <datafield tag="300" ind1=" " ind2=" ">
    <subfield code="a">182p.</subfield>
    <subfield code="c">20cm (pbk)</subfield>
  </datafield>
  <datafield tag="942" ind1=" " ind2=" ">
    <subfield code="2">ddc</subfield>
    <subfield code="c">EN</subfield>
    <subfield code="h">346.41066</subfield>
    <subfield code="m">MAN</subfield>
  </datafield>
  <datafield tag="999" ind1=" " ind2=" ">
    <subfield code="c">38709</subfield>
    <subfield code="d">38709</subfield>
  </datafield>
  <datafield tag="952" ind1=" " ind2=" ">
    <subfield code="0">0</subfield>
    <subfield code="1">0</subfield>
    <subfield code="4">0</subfield>
    <subfield code="7">1</subfield>
    <subfield code="8">NFIC</subfield>
    <subfield code="a">DBAD</subfield>
    <subfield code="b">DBAD</subfield>
    <subfield code="d">2010-08-02</subfield>
    <subfield code="e">DBAD/PUB</subfield>
    <subfield code="g">150.00</subfield>
    <subfield code="l">0</subfield>
    <subfield code="o">346.41066 MAN</subfield>
    <subfield code="p">EN-81179</subfield>
    <subfield code="r">2010-08-02 00:00:00</subfield>
    <subfield code="t">1</subfield>
    <subfield code="v">150.00</subfield>
    <subfield code="w">2010-08-02</subfield>
    <subfield code="y">EN</subfield>
  </datafield>
</record>
